Understanding the Zomi : (Record no. 9528)
[ view plain ]
| 000 -LEADER | |
|---|---|
| fixed length control field | 00644nam a22001817a 4500 |
| 003 - CONTROL NUMBER IDENTIFIER | |
| control field | GBCCL |
| 005 - DATE AND TIME OF LATEST TRANSACTION | |
| control field | 20241126110713.0 |
| 008 - FIXED-LENGTH DATA ELEMENTS--GENERAL INFORMATION | |
| fixed length control field | 230227b ||||| |||| 00| 0 eng d |
| 020 ## - INTERNATIONAL STANDARD BOOK NUMBER | |
| International Standard Book Number | 9789358109368 |
| 040 ## - CATALOGING SOURCE | |
| Transcribing agency | GBC |
| 082 ## - DEWEY DECIMAL CLASSIFICATION NUMBER | |
| Classification number | 954.004954 |
| Item number | NEI |
| 100 ## - MAIN ENTRY--PERSONAL NAME | |
| Personal name | Neihsial, Tualchin |
| 9 (RLIN) | 10349 |
| 245 ## - TITLE STATEMENT | |
| Title | Understanding the Zomi : |
| Remainder of title | a compilation of research work on Zomi by Dr. Tualchin Neihsial / |
| Statement of responsibility, etc. | compiled by Publication board |
| 260 ## - PUBLICATION, DISTRIBUTION, ETC. | |
| Place of publication, distribution, etc. | Lamka : |
| Name of publisher, distributor, etc. | Publication board, Zomi Nam ni platinum jubilee celebration committee, |
| Date of publication, distribution, etc. | 2023 |
| 300 ## - PHYSICAL DESCRIPTION | |
| Extent | 222p. ; |
| 650 ## - SUBJECT ADDED ENTRY--TOPICAL TERM | |
| Topical term or geographic name entry element | Zomi (Asian people) |
| Form subdivision | history |
| Geographic subdivision | North East India |
| 9 (RLIN) | 16592 |
| 942 ## - ADDED ENTRY ELEMENTS (KOHA) | |
| Source of classification or shelving scheme | Dewey Decimal Classification |
| Koha item type | Books |
| Koha issues (borrowed), all copies | 11 |
| Withdrawn status | Lost status | Source of classification or shelving scheme | Damaged status | Not for loan | Home library | Current Library | Shelving location | Date acquired | Total checkouts | Total renewals | Full call number | Barcode | Date last seen | Date last checked out | Copy number | Price effective from | Koha item type |
|---|---|---|---|---|---|---|---|---|---|---|---|---|---|---|---|---|---|
| Dewey Decimal Classification | GRACE BIBLE COLLEGE | GRACE BIBLE COLLEGE | North East Collection | 2023-02-27 | 3 | 1 | 954.004954 NEI | 016003 | 2026-02-18 | 2026-02-16 | c.1 | 2023-02-27 | Books | ||||
| Dewey Decimal Classification | GRACE BIBLE COLLEGE | GRACE BIBLE COLLEGE | North East Collection | 2023-02-27 | 7 | 954.004954 NEI | 016004 | 2026-02-17 | 2026-02-16 | c.2 | 2023-02-27 | Books | |||||
| Dewey Decimal Classification | GRACE BIBLE COLLEGE | GRACE BIBLE COLLEGE | North East Collection | 2023-02-27 | 6 | 954.004954 NEI | 016005 | 2026-02-25 | 2026-02-17 | c.3 | 2023-02-27 | Books | |||||
| Dewey Decimal Classification | GRACE BIBLE COLLEGE | GRACE BIBLE COLLEGE | Archives | 2023-02-27 | 954.004954 NEI | 016006 | 2025-05-01 | c.4 | 2023-02-27 | Archives | |||||||
| Dewey Decimal Classification | GRACE BIBLE COLLEGE | GRACE BIBLE COLLEGE | Archives | 2023-02-27 | 954.004954 NEI | 016007 | 2025-05-01 | c.5 | 2023-02-27 | Archives |